[Event "Reinstorf op"]
[Site "Reinstorf"]
[Date "2022.02.06"]
[Round "9"]
[White "Niemann, Leon Pascal"]
[Black "Skytte, Robert"]
[Result "1-0"]
[WhiteElo "1804"]
[BlackElo "1154"]
[PlyCount "39"]
[EventDate "2022.01.29"]
[EventType "swiss"]
[EventRounds "9"]
[EventCountry "GER"]
[SourceTitle "CBM 206 Extra"]
[Source "ChessBase"]
[SourceDate "2022.03.31"]
[SourceVersion "1"]
[SourceVersionDate "2022.03.31"]
[SourceQuality "1"]

1. e4 c6 2. d4 d5 3. exd5 cxd5 4. Bd3 Nc6 5. c3 Qc7 6. Ne2 Nf6 7. Bf4 Qb6 8. Qc2 Bg4 9. 0-0 Bxe2 10. Qxe2 e6 11. h4 h5 12. Re1 0-0-0 13. a4 a5 14. Na3 Bxa3 15. Rxa3 Ng4 16. Raa1 g6 17. Qd2 Rhe8 18. f3 Nxd4 19. cxd4 Qxd4+ 20. Kf1 1-0

[Event "Reinstorf Blitz op"]
[Site "Reinstorf"]
[Date "2022.02.04"]
[Round "6"]
[White "Koellner, Aaron Noah"]
[Black "Niemann, Leon Pascal"]
[Result "1/2-1/2"]
[WhiteElo "2155"]
[BlackElo "1804"]
[PlyCount "118"]
[EventDate "2022.01.29"]
[EventType "swiss (blitz)"]
[EventRounds "9"]
[EventCountry "GER"]
[SourceTitle "CBM 206 Extra"]
[Source "ChessBase"]
[SourceDate "2022.03.31"]
[SourceVersion "1"]
[SourceVersionDate "2022.03.31"]
[SourceQuality "1"]

1. d4 Nf6 2. Bg5 g6 3. Bxf6 exf6 4. g3 Bg7 5. Bg2 f5 6. e3 0-0 7. c4 d6 8. Ne2 c6 9. Nbc3 Re8 10. 0-0 Nd7 11. b4 Rb8 12. a4 c5 13. b5 b6 14. a5 Bb7 15. Nd5 Nf6 16. Nef4 Nxd5 17. Nxd5 Bxd5 18. Bxd5 cxd4 19. exd4 Re7 20. a6 Rd7 21. Re1 Qf6 22. Qe2 Qxd4 23. Rad1 Qc5 24. Bc6 Rc7 25. Rd5 Qb4 26. Red1 Bf8 27. R5d2 Qc3 28. Bd5 Qf6 29. h4 Re7 30. Qf3 Rbe8 31. Bc6 Rd8 32. Re2 Rxe2 33. Qxe2 Kg7 34. Re1 Qd4 35. Bd5 Qf6 36. Qe3 Kg8 37. h5 Kg7 38. hxg6 fxg6 39. Kg2 Rd7 40. Qe8 Re7 41. Rxe7+ Qxe7 42. Qc8 Kf6 43. Qb7 Bh6 44. Qc8 Bd2 45. Qh8+ Qg7 46. Qd8+ Qe7 47. Qg8 Bb4 48. Qc8 Bc5 49. Kf3 Kg7 50. Qg8+ Kf6 51. g4 fxg4+ 52. Kxg4 h5+ 53. Kg3 Qe5+ 54. Kg2 Qg5+ 55. Kf1 Qc1+ 56. Kg2 Qg5+ 57. Kf1 Qc1+ 58. Kg2 Qg5+ 59. Kf1 Ke5 1/2-1/2

[Event "Reinstorf Blitz op"]
[Site "Reinstorf"]
[Date "2022.02.04"]
[Round "3"]
[White "Niemann, Leon Pascal"]
[Black "Hommer, Jeremy"]
[Result "1/2-1/2"]
[WhiteElo "1804"]
[BlackElo "2220"]
[PlyCount "133"]
[EventDate "2022.01.29"]
[EventType "swiss (blitz)"]
[EventRounds "9"]
[EventCountry "GER"]
[SourceTitle "CBM 206 Extra"]
[Source "ChessBase"]
[SourceDate "2022.03.31"]
[SourceVersion "1"]
[SourceVersionDate "2022.03.31"]
[SourceQuality "1"]

1. e4 c6 2. d4 d5 3. exd5 cxd5 4. Bd3 Nc6 5. c3 Nf6 6. Bf4 g6 7. Nf3 Bg7 8. 0-0 0-0 9. Nbd2 b6 10. Re1 e6 11. Ne5 Bb7 12. Nxc6 Bxc6 13. Nf3 Rc8 14. Ne5 Bb7 15. Bg5 Qd6 16. Qf3 Nd7 17. Bf4 Qe7 18. Nxd7 Qxd7 19. Be5 f6 20. Bg3 e5 21. dxe5 fxe5 22. Qe2 Rce8 23. Bb5 Bc6 24. Bxc6 Qxc6 25. Rad1 Re7 26. Qd3 Rd8 27. Bh4 Bf6 28. Bxf6 Qxf6 29. Re3 Kg7 30. Qb5 Red7 31. Rf3 Qe6 32. Rfd3 d4 33. Qb4 dxc3 34. Qxc3 Rxd3 35. Rxd3 Rxd3 36. Qxd3 Qxa2 37. Qd7+ Kf6 38. Qd8+ Kf5 39. Qd7+ Ke4 40. Qc6+ Kd4 41. Qc3+ Kd5 42. Qd3+ Ke6 43. Qh3+ Kd6 44. Qd3+ Ke6 45. Qh3+ Kf6 46. Qh4+ Kf5 47. Qh3+ Kf6 48. Qh4+ Kf7 49. Qxh7+ Kf6 50. Qh4+ Kg7 51. Qe7+ Kh6 52. Qh4+ Kg7 53. Qe7+ Qf7 54. Qxe5+ Kh6 55. Qe3+ Kg7 56. g3 Qd5 57. h4 Qd1+ 58. Kh2 Qd7 59. Qe5+ Kh7 60. h5 Qf7 61. hxg6+ Qxg6 62. Qe7+ Kh6 63. Qh4+ Kg7 64. Qe7+ Kh6 65. Qh4+ Kg7 66. Qe7+ Kh6 67. Qh4+ 1/2-1/2

[Event "Reinstorf Blitz op"]
[Site "Reinstorf"]
[Date "2022.02.04"]
[Round "5"]
[White "Niemann, Leon Pascal"]
[Black "Kaeding, Rainer"]
[Result "1-0"]
[WhiteElo "1804"]
[BlackElo "2092"]
[PlyCount "77"]
[EventDate "2022.01.29"]
[EventType "swiss (blitz)"]
[EventRounds "9"]
[EventCountry "GER"]
[SourceTitle "CBM 206 Extra"]
[Source "ChessBase"]
[SourceDate "2022.03.31"]
[SourceVersion "1"]
[SourceVersionDate "2022.03.31"]
[SourceQuality "1"]

1. e4 c5 2. Nf3 e6 3. d4 cxd4 4. Nxd4 Nc6 5. Nc3 Qc7 6. Be3 a6 7. Be2 Nf6 8. 0-0 Bb4 9. Nxc6 bxc6 10. Bd2 0-0 11. Bd3 d5 12. exd5 exd5 13. Ne2 Bd6 14. Ng3 Bg4 15. Qc1 c5 16. h3 Be6 17. Bf5 Bxg3 18. fxg3 Qxg3 19. Bf4 Qh4 20. Bxe6 fxe6 21. Bd6 Qd4+ 22. Kh1 Rf7 23. c3 Qc4 24. Rf4 Qb5 25. a4 Qc6 26. Be5 Raf8 27. Qf1 Ne4 28. Rxf7 Rxf7 29. Qg1 Rf5 30. Bb8 Qc8 31. Qh2 Qf8 32. Kg1 Nd2 33. Qd6 Qxd6 34. Bxd6 c4 35. Re1 Ne4 36. Ba3 Kf7 37. Bb4 Kf6 38. b3 cxb3 39. Rb1 1-0

[Event "Reinstorf Blitz op"]
[Site "Reinstorf"]
[Date "2022.02.04"]
[Round "8"]
[White "Reuter, Maximilian"]
[Black "Niemann, Leon Pascal"]
[Result "1/2-1/2"]
[WhiteElo "1933"]
[BlackElo "1804"]
[PlyCount "76"]
[EventDate "2022.01.29"]
[EventType "swiss (blitz)"]
[EventRounds "9"]
[EventCountry "GER"]
[SourceTitle "CBM 206 Extra"]
[Source "ChessBase"]
[SourceDate "2022.03.31"]
[SourceVersion "1"]
[SourceVersionDate "2022.03.31"]
[SourceQuality "1"]

1. d4 Nf6 2. Bf4 g6 3. Nc3 d5 4. e3 Bg7 5. h4 c6 6. Be2 0-0 7. h5 Nbd7 8. hxg6 fxg6 9. Nf3 Re8 10. Ne5 Nxe5 11. Bxe5 Nd7 12. Bxg7 Kxg7 13. Qd2 Nf6 14. e4 e5 15. Qh6+ Kg8 16. dxe5 Rxe5 17. 0-0-0 Qe7 18. f4 Re6 19. f5 gxf5 20. exf5 Rd6 21. Rd3 Bxf5 22. Rg3+ Kh8 23. Qf4 Be4 24. Nxe4 dxe4 25. Rgh3 Rg8 26. g4 Rg7 27. g5 Nd5 28. Qh2 Qxg5+ 29. Kb1 Rdd7 30. Rh5 Qg3 31. c4 Qxh2 32. R5xh2 Nf4 33. Bh5 e3 34. Bf3 Rde7 35. Re1 e2 36. Bxe2 Nxe2 37. Rhxe2 Rxe2 38. Rxe2 Rd7 1/2-1/2

[Event "GER-chT U20"]
[Site "Willingen"]
[Date "2021.06.27"]
[Round "7"]
[White "Niemann, Leon Pascal"]
[Black "Martin, Richard"]
[Result "0-1"]
[WhiteElo "1838"]
[BlackElo "1923"]
[PlyCount "136"]
[EventDate "2021.06.24"]
[EventType "team-swiss"]
[EventRounds "7"]
[EventCountry "GER"]
[SourceTitle "CBM 203 Extra"]
[Source "ChessBase"]
[SourceDate "2021.09.30"]
[SourceVersion "1"]
[SourceVersionDate "2021.09.30"]
[SourceQuality "1"]
[WhiteTeam "Lehrte"]
[BlackTeam "Baden-Baden"]
[WhiteTeamCountry "GER"]
[BlackTeamCountry "GER"]

1. e4 c5 2. Nf3 d6 3. d4 cxd4 4. Nxd4 Nf6 5. Nc3 a6 6. Be3 e5 7. Nb3 Be6 8. Be2 Be7 9. 0-0 0-0 10. f4 exf4 11. Bxf4 Nc6 12. Kh1 b5 13. Bf3 Ne5 14. Nd5 Bxd5 15. exd5 Nfd7 16. c3 Bf6 17. Be4 Re8 18. Bc2 Nf8 19. Rb1 Nfg6 20. Bxe5 Bxe5 21. Qf3 Qh4 22. g3 Qf6 23. Qg4 Qe7 24. Bxg6 fxg6 25. Rbe1 Rf8 26. Nd4 Rxf1+ 27. Rxf1 Bxd4 28. Qxd4 Re8 29. Rf2 Qe5 30. Qxe5 Rxe5 31. Rd2 g5 32. g4 Re4 33. h3 Re3 34. Kg2 Kf7 35. Rf2+ Ke7 36. a3 Rd3 37. Re2+ Kf7 38. Rf2+ Kg6 39. Rf8 Rxd5 40. Ra8 Kf6 41. Rxa6 Ke5 42. Ra7 Rd2+ 43. Kf3 Rxb2 44. Ra5 d5 45. a4 bxa4 46. c4 Rb3+ 47. Kg2 a3 48. cxd5 Rb2+ 49. Kg3 Rb3+ 50. Kg2 g6 51. Kh2 Kd6 52. Kg2 h5 53. Ra6+ Kxd5 54. Rxg6 h4 55. Rxg5+ Ke4 56. Ra5 Rb2+ 57. Kg1 a2 58. Ra4+ Kd5 59. Ra5+ Kc6 60. g5 Rb1+ 61. Kf2 a1Q 62. Rxa1 Rxa1 63. Kf3 Kd6 64. Kg4 Ra4+ 65. Kh5 Ke7 66. Kh6 Ra3 67. g6 Rxh3 68. g7 Rg3 0-1

[Event "GER-ch U14"]
[Site "Willingen"]
[Date "2020.10.24"]
[Round "7"]
[White "Niemann, Leon Pascal"]
[Black "Kort, Felix"]
[Result "1/2-1/2"]
[WhiteElo "1880"]
[BlackElo "1823"]
[PlyCount "119"]
[EventDate "2020.10.19"]
[EventType "swiss"]
[EventRounds "7"]
[EventCountry "GER"]
[SourceTitle "EXT 2022"]
[Source "ChessBase"]
[SourceDate "2021.10.06"]
[SourceVersion "1"]
[SourceVersionDate "2021.10.06"]
[SourceQuality "1"]

1. e4 e5 2. Nf3 Nc6 3. Bc4 Bc5 4. 0-0 Nf6 5. d3 d6 6. c3 a6 7. Bb3 Ba7 8. Nbd2 h6 9. Re1 g5 10. Nc4 g4 11. Nfd2 h5 12. d4 b5 13. dxe5 dxe5 14. Ne3 Ne7 15. Nd5 Ng6 16. Nf1 c6 17. Nxf6+ Qxf6 18. Be3 Nf4 19. a4 h4 20. Bxa7 Rxa7 21. Ne3 Qg6 22. axb5 cxb5 23. Bd5 g3 24. Qf3 Rg8 25. fxg3 hxg3 26. hxg3 Qxg3 27. Qxg3 Rxg3 28. Kf2 Rg5 29. Red1 Ke7 30. Bc6 Rc7 31. Nd5+ Nxd5 32. Bxd5 Rg6 33. Rh1 Bb7 34. Rhd1 Rd6 35. Bxb7 Rxd1 36. Rxd1 Rxb7 37. Rd5 Ke6 38. Rd8 Rb6 39. Ra8 Rd6 40. Kf3 Rd3+ 41. Kg4 Rd6 42. Kg5 f6+ 43. Kg6 Rd2 44. Re8+ Kd7 45. Kf7 Rxg2 46. Re7+ Kd6 47. Re6+ Kd7 48. Kxf6 Rxb2 49. Rxa6 Rb3 50. Kxe5 Rxc3 51. Rd6+ Ke7 52. Rb6 Rc5+ 53. Kd4 Rh5 54. e5 Rh1 55. Rxb5 Rd1+ 56. Ke4 Re1+ 57. Kd5 Rd1+ 58. Kc6 Ke6 59. Rc5 Re1 60. Ra5 1/2-1/2

[Event "GER-ch U14"]
[Site "Willingen"]
[Date "2020.10.23"]
[Round "5"]
[White "Niemann, Leon Pascal"]
[Black "Freude, Max"]
[Result "1/2-1/2"]
[WhiteElo "1880"]
[BlackElo "1850"]
[PlyCount "44"]
[EventDate "2020.10.19"]
[EventType "swiss"]
[EventRounds "7"]
[EventCountry "GER"]
[SourceTitle "EXT 2022"]
[Source "ChessBase"]
[SourceDate "2021.10.06"]
[SourceVersion "1"]
[SourceVersionDate "2021.10.06"]
[SourceQuality "1"]

1. e4 e5 2. Nf3 Nc6 3. Bc4 Bc5 4. 0-0 Nf6 5. d3 h6 6. c3 0-0 7. Nbd2 d5 8. exd5 Nxd5 9. Ne4 Be7 10. d4 Nb6 11. Bb3 exd4 12. Nxd4 Nxd4 13. cxd4 c6 14. Nc3 Bf6 15. Be3 Bf5 16. Qf3 Bh7 17. Rad1 Qe7 18. d5 Bxc3 19. bxc3 Nxd5 20. Bxd5 cxd5 21. Qxd5 Rfd8 22. Qc5 Qxc5 1/2-1/2

[Event "GER-ch Net blitz qual4"]
[Site "Playchess.com INT"]
[Date "2020.03.23"]
[Round "1"]
[White "Kopylov, Michael"]
[Black "Niemann, Leon Pascal"]
[Result "1-0"]
[WhiteElo "2407"]
[BlackElo "1702"]
[PlyCount "59"]
[EventDate "2020.03.23"]
[EventType "swiss (blitz)"]
[EventRounds "9"]
[EventCountry "GER"]
[SourceTitle "CBM 195 Extra"]
[Source "ChessBase"]
[SourceDate "2020.05.31"]
[SourceVersion "1"]
[SourceVersionDate "2020.05.31"]
[SourceQuality "1"]

1. d4 Nf6 2. c4 c5 3. d5 b5 4. Nf3 g6 5. Qc2 Bg7 6. e4 bxc4 7. Bxc4 d6 8. 0-0 0-0 9. h3 Ba6 10. Na3 Nfd7 11. Re1 Ne5 12. Nxe5 Bxe5 13. Bh6 Re8 14. Rab1 Qa5 15. Bxa6 Qxa6 16. Nc4 Bh8 17. e5 Nd7 18. e6 Ne5 19. Nxe5 Bxe5 20. exf7+ Kxf7 21. b3 e6 22. Qe4 Rad8 23. f4 Bd4+ 24. Kh1 Qc8 25. Bg5 Bf6 26. Bxf6 Kxf6 27. Rbd1 exd5 28. Qxd5 Re6 29. Rxe6+ Qxe6 30. Qg5+ 1-0

[Event "GER-ch Net blitz qual4"]
[Site "Playchess.com INT"]
[Date "2020.03.23"]
[Round "6"]
[White "Schriefer, Leo Hans"]
[Black "Niemann, Leon Pascal"]
[Result "0-1"]
[WhiteElo "1037"]
[BlackElo "1702"]
[PlyCount "56"]
[EventDate "2020.03.23"]
[EventType "swiss (blitz)"]
[EventRounds "9"]
[EventCountry "GER"]
[SourceTitle "CBM 195 Extra"]
[Source "ChessBase"]
[SourceDate "2020.05.31"]
[SourceVersion "1"]
[SourceVersionDate "2020.05.31"]
[SourceQuality "1"]

1. e4 c5 2. Nc3 Nc6 3. f4 g6 4. Nf3 Bg7 5. Bc4 e6 6. d3 Nge7 7. 0-0 0-0 8. Qe1 d5 9. Bb3 a6 10. f5 d4 11. Ne2 exf5 12. Qh4 Ne5 13. Bh6 N7c6 14. Ng5 Bf6 15. Bxf8 Bxg5 16. Qg3 Kxf8 17. exf5 Bxf5 18. Nf4 Bh4 19. Qxh4 Qxh4 20. g3 Qd8 21. Be6 Kg7 22. Bxf5 gxf5 23. Nh5+ Kh8 24. Rxf5 Qd7 25. Raf1 Rg8 26. Nf6 Qe7 27. Nd5 Qe6 28. Nf6 Nd8 0-1

[Event "GER-ch Net blitz qual3"]
[Site "Playchess.com INT"]
[Date "2020.03.21"]
[Round "9"]
[White "Niemann, Leon Pascal"]
[Black "Haubold, Sebastian Marcel"]
[Result "1-0"]
[WhiteElo "1702"]
[BlackElo "1800"]
[PlyCount "151"]
[EventDate "2020.03.21"]
[EventType "swiss (blitz)"]
[EventRounds "9"]
[EventCountry "GER"]
[SourceTitle "CBM 195 Extra"]
[Source "ChessBase"]
[SourceDate "2020.05.31"]
[SourceVersion "1"]
[SourceVersionDate "2020.05.31"]
[SourceQuality "1"]

1. e4 e5 2. Nf3 Nc6 3. Bc4 Bc5 4. 0-0 Nf6 5. Re1 0-0 6. d3 h6 7. Nbd2 d5 8. exd5 Nxd5 9. Ne4 Bb6 10. Be3 Nxe3 11. fxe3 Qe7 12. Kh1 Kh8 13. Nc3 Be6 14. Nd5 Qd7 15. Nxb6 axb6 16. Bxe6 Qxe6 17. e4 Rad8 18. Rf1 g6 19. Qd2 Kg7 20. Nh4 Qe7 21. Qf2 f6 22. Qg3 Qe6 23. Qxg6+ Kh8 24. Qxh6+ Kg8 25. Qg6+ Kh8 26. Nf5 Qf7 27. Qh6+ Qh7 28. Qe3 Rg8 29. Rf3 Rg5 30. Rh3 Rh5 31. Rxh5 Qxh5 32. Rf1 Nd4 33. Nxd4 exd4 34. Qf4 Rf8 35. Rf3 Kg8 36. Qxc7 Rf7 37. Qf4 Rh7 38. Kg1 Rh6 39. h3 Rg6 40. Kf2 Kf7 41. Rg3 Rxg3 42. Qxg3 Qh6 43. Qg4 Qd2+ 44. Kg3 Qxc2 45. Qd7+ Kg6 46. Qxd4 Qc7+ 47. Kf3 Qc1 48. a3 Qf1+ 49. Kg3 Qe1+ 50. Qf2 Qd1 51. Qf5+ Kg7 52. Qd7+ Kg6 53. Qxb7 Qxd3+ 54. Kh2 Qd6+ 55. Kg1 Qd4+ 56. Kf1 Qxb2 57. Qe7 Qc1+ 58. Kf2 Qf4+ 59. Ke2 Qg3 60. Qe8+ Kg7 61. Qd7+ Kg6 62. Qg4+ Qxg4+ 63. hxg4 Kg5 64. Kf3 Kg6 65. Kf4 b5 66. g3 Kh6 67. Kf5 Kg7 68. g5 fxg5 69. Kxg5 Kf7 70. Kf5 Kg7 71. e5 Kf7 72. e6+ Ke7 73. g4 Kf8 74. Kf6 b4 75. axb4 Ke8 76. e7 1-0

[Event "GER-ch Net blitz qual3"]
[Site "Playchess.com INT"]
[Date "2020.03.21"]
[Round "3"]
[White "Wachsmann, Dietmar"]
[Black "Niemann, Leon Pascal"]
[Result "0-1"]
[WhiteElo "2031"]
[BlackElo "1702"]
[PlyCount "46"]
[EventDate "2020.03.21"]
[EventType "swiss (blitz)"]
[EventRounds "9"]
[EventCountry "GER"]
[SourceTitle "CBM 195 Extra"]
[Source "ChessBase"]
[SourceDate "2020.05.31"]
[SourceVersion "1"]
[SourceVersionDate "2020.05.31"]
[SourceQuality "1"]

1. e4 c5 2. Nf3 Nc6 3. d4 cxd4 4. Nxd4 Nf6 5. Nc3 e6 6. Ndb5 Bb4 7. a3 Bxc3+ 8. Nxc3 d5 9. exd5 exd5 10. Bd3 0-0 11. 0-0 d4 12. Ne4 Bf5 13. Ng3 Bxd3 14. Qxd3 Qd5 15. c3 Rfe8 16. cxd4 Qxd4 17. Qxd4 Nxd4 18. Bg5 Ne4 19. Nxe4 Rxe4 20. Rfe1 Rae8 21. Kf1 f6 22. Bd2 Nb3 23. Rxe4 Nxd2+ 0-1

[Event "GER-ch Net blitz qual3"]
[Site "Playchess.com INT"]
[Date "2020.03.21"]
[Round "1"]
[White "Wichmann, Cliff"]
[Black "Niemann, Leon Pascal"]
[Result "0-1"]
[WhiteElo "2299"]
[BlackElo "1702"]
[PlyCount "74"]
[EventDate "2020.03.21"]
[EventType "swiss (blitz)"]
[EventRounds "9"]
[EventCountry "GER"]
[SourceTitle "CBM 195 Extra"]
[Source "ChessBase"]
[SourceDate "2020.05.31"]
[SourceVersion "1"]
[SourceVersionDate "2020.05.31"]
[SourceQuality "1"]

1. d4 Nf6 2. Nf3 g6 3. c4 c5 4. d5 b5 5. cxb5 a6 6. e3 Bg7 7. Nc3 0-0 8. a4 d6 9. h3 axb5 10. Bxb5 Bb7 11. 0-0 Qa5 12. e4 Nfd7 13. Bf4 Ba6 14. Ra3 Bxb5 15. axb5 Qxa3 16. bxa3 Bxc3 17. Qb3 Bg7 18. Re1 Nb6 19. e5 c4 20. Qd1 N8d7 21. exd6 exd6 22. Bxd6 Rfe8 23. Rxe8+ Rxe8 24. a4 c3 25. Qd3 Nxa4 26. Bc7 Nac5 27. Qc4 Re4 28. Qa2 Ra4 29. Qc2 Rb4 30. b6 Nxb6 31. Bxb6 Rxb6 32. Ne1 Rb2 33. Qd1 Rd2 34. Qb1 Rxd5 35. Nc2 Be5 36. Qa2 Rd1+ 37. Ne1 Rxe1# 0-1

[Event "GER-ch Net blitz qual2"]
[Site "Playchess.com INT"]
[Date "2020.03.16"]
[Round "8"]
[White "Hoellenriegel, Daniela"]
[Black "Niemann, Leon Pascal"]
[Result "1-0"]
[WhiteElo "2012"]
[BlackElo "1702"]
[PlyCount "147"]
[EventDate "2020.03.16"]
[EventType "swiss (blitz)"]
[EventRounds "9"]
[EventCountry "GER"]
[SourceTitle "CBM 195 Extra"]
[Source "ChessBase"]
[SourceDate "2020.05.31"]
[SourceVersion "1"]
[SourceVersionDate "2020.05.31"]
[SourceQuality "1"]

1. d4 Nf6 2. c3 g6 3. g3 Bg7 4. Bg2 0-0 5. Nf3 d6 6. Bg5 c5 7. Bxf6 Bxf6 8. dxc5 dxc5 9. 0-0 Nc6 10. Nbd2 b6 11. e4 Bb7 12. Qc2 Qc7 13. Rad1 Rad8 14. Rfe1 Bg7 15. Nc4 Rd7 16. Rxd7 Qxd7 17. Rd1 Qc7 18. Ne3 Rd8 19. Nd5 Qd7 20. Nf6+ Bxf6 21. Rxd7 Rxd7 22. Nd2 Ne5 23. b3 Nd3 24. f4 e5 25. Bf1 Ne1 26. Qd1 Nd3 27. Bxd3 Rxd3 28. Qe2 Ba6 29. c4 Rd4 30. Nf3 Rd7 31. fxe5 Bg7 32. Kg2 Bh6 33. h4 Bb7 34. g4 Bf4 35. g5 Bc6 36. Kh3 Re7 37. Kg4 Bxe5 38. Nxe5 Rxe5 39. Qd3 Rxe4+ 40. Kg3 Rd4 41. Qe3 Be4 42. Qf4 Rd3+ 43. Kh2 Bf5 44. Qb8+ Kg7 45. Qxa7 Rd2+ 46. Kg3 Rd3+ 47. Kf2 Rd2+ 48. Ke3 Rd3+ 49. Ke2 Rd6 50. Qc7 Re6+ 51. Kf2 Bb1 52. Qa7 Bc2 53. Qa4 Bd3 54. a3 Re2+ 55. Kf3 Re6 56. Qb5 h6 57. gxh6+ Kxh6 58. b4 cxb4 59. axb4 Kg7 60. Kf4 Re4+ 61. Kf3 Re6 62. Kg3 Be2 63. Qd5 Bd3 64. Qxd3 Kg8 65. c5 bxc5 66. bxc5 Kh7 67. Qd5 Kg7 68. c6 Re3+ 69. Kf4 Re1 70. Qd4+ Kg8 71. c7 Rf1+ 72. Kg3 Rc1 73. Qd8+ Kg7 74. c8Q 1-0

[Event "Niedersachsen-ch op-A"]
[Site "Verden an der Aller"]
[Date "2020.01.03"]
[Round "4"]
[White "Benning, Michael"]
[Black "Niemann, Leon Pascal"]
[Result "1/2-1/2"]
[WhiteElo "1905"]
[BlackElo "1747"]
[PlyCount "34"]
[EventDate "2020.01.02"]
[EventType "swiss"]
[EventRounds "7"]
[EventCountry "GER"]
[SourceTitle "EXT 2023"]
[Source "ChessBase"]
[SourceDate "2022.10.05"]
[SourceVersion "1"]
[SourceVersionDate "2022.10.05"]
[SourceQuality "1"]

1. d4 Nf6 2. Bg5 g6 3. Bxf6 exf6 4. g3 Bg7 5. Bg2 f5 6. e3 0-0 7. Ne2 d6 8. 0-0 c5 9. c3 Qc7 10. Nd2 Nc6 11. a4 b6 12. Nf4 Bb7 13. Re1 Ne7 14. Bxb7 Qxb7 15. Qb3 Qc6 16. Qb5 Qc7 17. Qc4 Qb7 1/2-1/2

[Event "Niedersachsen-ch op-A"]
[Site "Verden an der Aller"]
[Date "2020.01.03"]
[Round "3"]
[White "Niemann, Leon Pascal"]
[Black "Scheffner, Jarno"]
[Result "1/2-1/2"]
[WhiteElo "1747"]
[BlackElo "1955"]
[PlyCount "71"]
[EventDate "2020.01.02"]
[EventType "swiss"]
[EventRounds "7"]
[EventCountry "GER"]
[SourceTitle "EXT 2023"]
[Source "ChessBase"]
[SourceDate "2022.10.05"]
[SourceVersion "1"]
[SourceVersionDate "2022.10.05"]
[SourceQuality "1"]

1. e4 c5 2. Nf3 d6 3. d4 cxd4 4. Nxd4 Nf6 5. Nc3 a6 6. Be2 e5 7. Nb3 Be6 8. Bg5 Be7 9. Bxf6 Bxf6 10. Qd3 Nc6 11. 0-0-0 Be7 12. Nd5 Bxd5 13. Qxd5 Qc7 14. c3 0-0 15. Kb1 a5 16. h4 Qb6 17. Rdf1 Nd8 18. Nd2 Ne6 19. Nc4 Qc6 20. Qxc6 bxc6 21. Rd1 Rfd8 22. g3 Nc5 23. Bf3 Na4 24. Rd2 Rab8 25. Kc2 f5 26. b3 fxe4 27. Bxe4 Nxc3 28. Kxc3 d5 29. Kc2 Bb4 30. Rdd1 dxc4 31. bxc4 Bc5 32. Rxd8+ Rxd8 33. f3 Rd4 34. Bd3 Bb4 35. g4 Kf7 36. a4 1/2-1/2

[Event "Niedersachsen-ch op-A"]
[Site "Verden an der Aller"]
[Date "2020.01.02"]
[Round "2"]
[White "Niemann, Leon Pascal"]
[Black "Zucker, Stefan"]
[Result "1-0"]
[WhiteElo "1747"]
[BlackElo "1874"]
[PlyCount "69"]
[EventDate "2020.01.02"]
[EventType "swiss"]
[EventRounds "7"]
[EventCountry "GER"]
[SourceTitle "EXT 2023"]
[Source "ChessBase"]
[SourceDate "2022.10.05"]
[SourceVersion "1"]
[SourceVersionDate "2022.10.05"]
[SourceQuality "1"]

1. e4 e5 2. Nf3 Nc6 3. Bc4 Nf6 4. d3 Bc5 5. 0-0 d6 6. Re1 h6 7. c3 Bg4 8. Nbd2 a6 9. Bb3 Qd7 10. Nf1 0-0-0 11. Ba4 b5 12. Bc2 g5 13. b4 Bb6 14. a4 Nh5 15. axb5 axb5 16. Be3 Nf4 17. Bxb6 cxb6 18. Ne3 h5 19. Nd5 Kb7 20. g3 h4 21. gxf4 gxf4 22. Nf6 Bh3 23. Kh1 Qe6 24. Ng5 Bg2+ 25. Kxg2 Qxf6 26. Nh3 f3+ 27. Kh1 Rdg8 28. Rg1 Ne7 29. Qd2 Rg2 30. Rxg2 fxg2+ 31. Kg1 Rg8 32. Bb3 Ra8 33. Rxa8 Kxa8 34. Qg5 Qf3 35. Qxe7 1-0

[Event "Hannover Bezirks-ch U18"]
[Site "Lehrte"]
[Date "2019.10.06"]
[Round "7.3"]
[White "Niemann, Leon Pascal"]
[Black "Schieble, Johannes"]
[Result "1-0"]
[WhiteElo "1777"]
[BlackElo "1596"]
[PlyCount "39"]
[EventDate "2019.10.03"]
[EventType "tourn"]
[EventRounds "7"]
[EventCountry "GER"]
[SourceTitle "EXT 2023"]
[Source "ChessBase"]
[SourceDate "2022.10.05"]
[SourceVersion "1"]
[SourceVersionDate "2022.10.05"]
[SourceQuality "1"]

1. e4 e5 2. Nf3 Nc6 3. Bc4 Bc5 4. 0-0 Nf6 5. Re1 0-0 6. c3 d6 7. d3 Be6 8. Bb5 a6 9. Ba4 b5 10. Bc2 Bg4 11. Nbd2 Qd7 12. Nf1 Rfe8 13. Be3 Bxe3 14. Nxe3 Be6 15. d4 d5 16. exd5 Bxd5 17. Nxd5 Qxd5 18. dxe5 Qxd1 19. Raxd1 Ng4 20. Be4 1-0

[Event "Langenhagen Summer op 1st"]
[Site "Langenhagen"]
[Date "2019.07.04"]
[Round "2"]
[White "Niemann, Leon Pascal"]
[Black "Gogacz, Pawel"]
[Result "1-0"]
[WhiteElo "1680"]
[BlackElo "1584"]
[PlyCount "137"]
[EventDate "2019.07.04"]
[EventType "swiss"]
[EventRounds "7"]
[EventCountry "GER"]
[SourceTitle "EXT 2020"]
[Source "ChessBase"]
[SourceDate "2019.10.17"]
[SourceVersion "1"]
[SourceVersionDate "2019.10.17"]
[SourceQuality "1"]

1. e4 c5 2. Nf3 d6 3. d4 cxd4 4. Nxd4 Nf6 5. Nc3 a6 6. f3 e5 7. Nb3 Be6 8. Bg5 Be7 9. Bxf6 Bxf6 10. Be2 0-0 11. 0-0 Be7 12. f4 exf4 13. Rxf4 Qc7 14. Nd5 Bxd5 15. Qxd5 Nd7 16. c3 Nf6 17. Qc4 Qxc4 18. Bxc4 Nd7 19. Bd5 Rab8 20. Nd4 Bg5 21. Rf3 Ne5 22. Rh3 g6 23. Rf1 Kg7 24. Rg3 Bd8 25. Nf5+ Kh8 26. Nxd6 Bc7 27. Nxb7 Nd7 28. Rd3 f6 29. b4 Ne5 30. Rd2 Bb6+ 31. Kh1 Rbc8 32. Rc2 Ng4 33. c4 Ne3 34. Rfc1 Nxc2 35. Rxc2 Rc7 36. c5 Rb8 37. a4 Rcxb7 38. Bxb7 Rxb7 39. cxb6 Rxb6 40. Rb2 Kg8 41. b5 axb5 42. axb5 Kf7 43. Kg1 Ke6 44. Kf2 f5 45. exf5+ Kxf5 46. Ke3 Ke5 47. g3 g5 48. g4 h6 49. Rf2 Kd5 50. Kd3 Kc5 51. Kc3 Re6 52. Rf5+ Kb6 53. Kd4 Re2 54. Rf6+ Kxb5 55. Rxh6 Rg2 56. h3 Rg3 57. Ke4 Kc5 58. Kf5 Kd5 59. Kxg5 Ke5 60. h4 Ke4 61. Kh5 Kf4 62. Rf6+ Ke5 63. g5 Rb3 64. Kg6 Rb8 65. Kg7 Rb7+ 66. Rf7 Rb1 67. h5 Rh1 68. h6 Rg1 69. g6 1-0

[Event "GER-ch U25-B"]
[Site "Willingen"]
[Date "2019.06.12"]
[Round "5"]
[White "Niemann, Leon Pascal"]
[Black "Seliokaite, Ana"]
[Result "1-0"]
[WhiteElo "1702"]
[BlackElo "1464"]
[PlyCount "51"]
[EventDate "2019.06.08"]
[EventType "swiss"]
[EventRounds "9"]
[EventCountry "GER"]
[SourceTitle "CBM 191 Extra"]
[Source "ChessBase"]
[SourceDate "2019.09.30"]
[SourceVersion "1"]
[SourceVersionDate "2019.09.30"]
[SourceQuality "1"]

1. e4 c5 2. Nf3 Nc6 3. d4 cxd4 4. Nxd4 g6 5. Nc3 Bg7 6. Be3 Nf6 7. f3 0-0 8. Bc4 Qa5 9. 0-0 d6 10. Bb3 Bd7 11. Qd2 Rac8 12. Rad1 a6 13. Nxc6 Bxc6 14. Rfe1 Qc7 15. Bh6 Nd7 16. Kh1 Rcd8 17. Bxg7 Kxg7 18. a3 Nc5 19. Ba2 Rd7 20. Qd4+ f6 21. f4 e5 22. fxe5 fxe5 23. Qe3 Rf4 24. Bd5 Bxd5 25. Nxd5 Qc6 26. Nxf4 1-0